| 000 | 00918cam a2200289 a 4500 | ||
|---|---|---|---|
| 999 |
_c233737 _d233737 |
||
| 001 | 12026540 | ||
| 003 | Nust | ||
| 005 | 20170310155823.0 | ||
| 008 | 000310s2000 ii 000 1 eng | ||
| 010 | _a 99949524 | ||
| 020 | _a9780140293593 | ||
| 025 | _aI-E-99-949524; 526 | ||
| 035 | _a(DLC) 99949524 | ||
| 037 |
_bLibrary of Congress -- New Delhi Field Office _cRs250.00 |
||
| 040 |
_aDLC _cDLC _dDLC |
||
| 042 | _alcode | ||
| 050 | 0 | 0 |
_aPR9499.3.M54 _bA53 2000 |
| 082 | 0 | 0 |
_a823.92 _bMIS |
| 100 | 1 |
_aMisra, Jaishree, _d1961- |
|
| 245 | 1 | 0 |
_aAncient promises / _cJaishree Misra. |
| 260 |
_aNew Delhi ; _aNew York, NY : _bPenguin Books, _c2000. |
||
| 300 |
_a309 p. ; _c21 cm. |
||
| 500 | _aNovel. | ||
| 906 |
_a7 _bcbc _corigode _d3 _encip _f19 _gy-gencatlg |
||
| 942 |
_2ddc _cBK |
||